Les 10 meilleurs buteurs ALL TIME - Statistiques

Statistiques générales
  • Ce quiz a été pris 328 fois
  • Le résultat moyen est 5 sur 10
Statistiques - réponses
Joueurs % Correct
889 Ronaldo
100%
837 Messi
99%
757 Pele
87%
669 Lewandowski
58%
735 Gerd Muller
38%
746 Puskas
32%
631 Eusebio
17%
772 Romario
16%
805 Josef Bican
11%
576 Ferenc Deak
2%
Aucun quiz correspondant
Distribution des résultats
% des personnes avec chaque résultat
Percentile par nombre de réponses
Votre historique - résultats
Vous n’avez pas pris ce quiz